Statistics for Graceland Too - Phoebe Bridgers (Lyrics)

Click here to take the quiz!

General Stats

  • This quiz has been taken 32 times
    (30 since last reset)
  • The average score is 200 of 228

Answer Stats

Answer% Correct
I
100%
me
100%
in
96%
She
96%
she
96%
So
96%
so
96%
to
96%
To
96%
a
92%
A
92%
an
92%
And
92%
and
92%
come
92%
could
92%
danger
92%
do
92%
don't
92%
Elvis
92%
he
92%
her
92%
herself
92%
intrude
92%
it
92%
longer
92%
Memphis
92%
music
92%
No
92%
of
92%
or
92%
others
92%
shoes
92%
songs
92%
the
92%
thinking
92%
thoughts
92%
true
92%
up
92%
want
92%
want?)
92%
want)
92%
wants
92%
winds
92%
answered
88%
anything
88%
believed
88%
but
88%
can
88%
direction
88%
go
88%
if
88%
know
88%
laced
88%
made
88%
mind
88%
ninety
88%
nobody
88%
Predictably
88%
she's
88%
Turns
88%
we
88%
what
88%
Whatever
88%
(Whatever
88%
whatever
88%
without
88%
wonders
88%
at
83%
chew
83%
clue
83%
Doesn't
83%
down
83%
excuse
83%
for
83%
going
83%
gonna
83%
hall
83%
home
83%
it's
83%
left
83%
not
83%
on
83%
our
83%
picks
83%
Said
83%
stare
83%
they
83%
Yelled
83%
asking
79%
cheeks
79%
I'm
79%
knew
79%
outside
79%
rebel
79%
saltines
79%
serotonin
79%
walked
79%
was
79%
floor
75%
get
75%
knows
75%
moment
75%
moon
75%
my
75%
sleeve
75%
spent
75%
this
75%
through
75%
Ate
71%
lived
71%
that
71%
you
71%
will
63%

Score Distribution

Percentile by Number Answered

Percent of People with Each Score

Your Score History

You have not taken this quiz since the last reset